[Event "2012 Alberta Reserves"]
[Site "Edmonton"]
[Date "2012.04.08"]
[Round "4"]
[White "Smith, Kevin"]
[Black "Yao, David"]
[Result "1-0"]
[WhiteElo "1822"]
[BlackElo "1285"]
[PlyCount "75"]
[EventDate "2012.04.07"]
[EventType "swiss"]
[EventRounds "5"]
[EventCountry "CAN"]
[TimeControl "5400"]

1. e4 e5 2. Nf3 Nc6 3. Bb5 Bc5 4. Nc3 d6 5. d4 exd4 6. Nxd4 Bd7 7. Nxc6 bxc6 8.
Ba4 h6 9. Qf3 Ne7 10. Bb3 O-O 11. Qg3 Ng6 12. Qxg6 Qh4 13. Qg3 Qf6 14. O-O Be6
15. Kh1 a5 16. Bd2 Bxb3 17. axb3 Qe6 18. f4 f5 19. Rfe1 Qd7 20. exf5 Qxf5 21.
Re7 Rf7 22. Rxf7 Kxf7 23. Qd3 Qf6 24. Re1 Kg8 25. Ne4 Qf5 26. Nxc5 Qxc5 27.
Qc4+ Qxc4 28. bxc4 a4 29. Bb4 Kf7 30. Kg1 c5 31. Ba3 Kf6 32. Kf2 g6 33. Kf3 c6
34. Rd1 Ke6 35. g4 Rf8 36. Ke4 g5 37. f5+ Kf6 38. Rxd6+ 1-0

[Event "Edmonton International Qualifier"]
[Site "Edmonton"]
[Date "2012.04.28"]
[Round "2"]
[White "Ottosen, David"]
[Black "Yam, Alex"]
[Result "0-1"]
[WhiteElo "2094"]
[BlackElo "2364"]
[PlyCount "72"]
[EventDate "2012.04.28"]
[EventType "swiss"]
[EventRounds "5"]
[EventCountry "CAN"]

1. e4 d5 2. exd5 Qxd5 3. Nc3 Qd6 4. d4 Nf6 5. Nb5 Qd8 6. c4 c6 7. Nc3 g6 8. Nf3
Bg4 9. Be3 Bg7 10. h3 Bxf3 11. Qxf3 Nbd7 12. Bd3 O-O 13. O-O e5 14. d5 c5 15.
Qe2 Re8 16. Bg5 h6 17. Bh4 Qb6 18. Qc2 Nh5 19. Rfe1 Nf4 20. Bf1 f5 21. f3 a6
22. Bf2 Qf6 23. Rab1 Qg5 24. Kh2 e4 25. fxe4 Be5 26. Kh1 Nf6 27. exf5 gxf5 28.
Re3 Bd4 29. Rg3 Ng4 30. Bxd4 cxd4 31. Na4 Re3 32. Rxe3 dxe3 33. g3 Nf2+ 34. Kh2
Nh5 35. g4 Qf4+ 36. Kg2 Qg3# 0-1

[Event "2012 Calgary International"]
[Site "Calgary"]
[Date "2012.05.18"]
[Round "7.1"]
[White "Shabalov, Alexander"]
[Black "Gurevich, Dmitry"]
[Result "1/2-1/2"]
[WhiteElo "2534"]
[BlackElo "2471"]
[PlyCount "20"]
[EventDate "2012.05.15"]
[EventType "swiss"]
[EventRounds "9"]
[EventCountry "CAN"]

1. c4 c5 2. Nf3 b6 3. g3 Bb7 4. Bg2 Nf6 5. O-O g6 6. Nc3 Bg7 7. Re1 Ne4 8. Nd5
Nf6 9. Nc3 Ne4 10. Nd5 Nf6 1/2-1/2

[Event "2012 Calgary International Reserves"]
[Site "Calgary"]
[Date "2012.05.19"]
[Round "1"]
[White "Azer, Anar"]
[Black "Booker, Brad"]
[Result "0-1"]
[WhiteElo "1727"]
[BlackElo "2147"]
[PlyCount "78"]
[EventDate "2012.05.19"]
[EventType "swiss"]
[EventRounds "6"]
[EventCountry "CAN"]

1. e4 c6 2. Nf3 d5 3. exd5 cxd5 4. Bb5+ Nc6 5. c3 a6 6. Ba4 b5 7. Bc2 e5 8. h3
e4 9. Nh2 f5 10. O-O Bd6 11. d4 Qc7 12. f4 Nf6 13. Qe1 O-O 14. Be3 Bd7 15. Bd1
Kh8 16. h4 Na5 17. Nd2 Nc4 18. Nxc4 dxc4 19. b3 Nd5 20. Qd2 b4 21. cxb4 c3 22.
Qf2 Nxb4 23. Bc2 Nd3 24. Qg3 Rf6 25. h5 a5 26. a4 Bc8 27. Bxd3 exd3 28. Nf3 Be6
29. Ne5 d2 30. Qf3 Rb8 31. d5 Bf7 32. Nc6 Rxb3 33. Rab1 Rxb1 34. Rxb1 c2 35.
Rf1 d1=Q 36. Rxd1 cxd1=Q+ 37. Qxd1 Bxf4 38. Bxf4 Qxf4 39. Nxa5 Rd6 0-1

[Event "2012 Calgary International Reserves"]
[Site "Calgary"]
[Date "2012.05.19"]
[Round "1"]
[White "Yearwood, Roy"]
[Black "Milne, Arthur"]
[Result "1-0"]
[WhiteElo "2102"]
[BlackElo "1682"]
[PlyCount "67"]
[EventDate "2012.05.19"]
[EventType "swiss"]
[EventRounds "6"]
[EventCountry "CAN"]

1. e4 d6 2. d4 Nf6 3. Nc3 c6 4. Be2 Qa5 5. Bf3 e5 6. Nge2 Be7 7. O-O O-O 8. Rb1
Re8 9. h3 Nbd7 10. b4 Qc7 11. Be3 Nf8 12. b5 Ng6 13. dxe5 dxe5 14. b6 axb6 15.
Bxb6 Qd7 16. Qc1 Qe6 17. a4 Nh4 18. Qe3 Nxf3+ 19. Qxf3 Nd7 20. Bc7 Bc5 21. a5
Nf8 22. Na4 Qe7 23. Nb6 Bxb6 24. Bxb6 Nd7 25. Qc3 Nxb6 26. Rxb6 Qe6 27. Rd1 f6
28. Nc1 f5 29. Nb3 fxe4 30. Nc5 Qf7 31. Nxe4 Qh5 32. Rd2 Qg6 33. Nd6 Re7 34. a6
1-0

[Event "2012 Calgary International Reserves"]
[Site "Calgary"]
[Date "2012.05.19"]
[Round "2"]
[White "Wen, Jean-Francois"]
[Black "Razzaq, Ali"]
[Result "1-0"]
[WhiteElo "2099"]
[BlackElo "1914"]
[PlyCount "117"]
[EventDate "2012.05.19"]
[EventType "swiss"]
[EventRounds "6"]
[EventCountry "CAN"]

1. c4 c6 2. g3 d5 3. Nf3 Nf6 4. Bg2 g6 5. b3 Bg7 6. Bb2 dxc4 7. bxc4 a5 8. O-O
Na6 9. d3 O-O 10. Nc3 Nc5 11. Rb1 h6 12. Qc1 Be6 13. Ba3 Nfd7 14. Nd2 Qc8 15.
Nb3 Nxb3 16. axb3 Re8 17. b4 Ne5 18. bxa5 Rxa5 19. Bb4 Ra6 20. Ne4 Bh3 21. Bc3
Bxg2 22. Kxg2 Qg4 23. f3 Qc8 24. Qb2 Qb8 25. Nc5 Ra7 26. Rfc1 Bf6 27. h3 h5 28.
f4 Nxc4 29. dxc4 Qd6 30. Ne4 Bxc3 31. Qxc3 Qe6 32. Qc2 Rea8 33. Rb2 Ra3 34. Ng5
Qe3 35. Nf3 h4 36. gxh4 Qxf4 37. Qd2 Qf5 38. Qg5 Qe4 39. Qe5 Re3 40. Qxe4 Rxe4
41. Rcc2 Ra7 42. Kf2 Kg7 43. Rb3 Ra4 44. Rxb7 Kf6 45. c5 Rec4 46. Rbb2 Ke6 47.
Ra2 Rxa2 48. Rxc4 Ra5 49. Rc3 Kd5 50. Re3 e6 51. Re5+ Kc4 52. h5 gxh5 53. Rxh5
f5 54. Rh6 Kd5 55. Ng5 Rxc5 56. Nxe6 Rc1 57. Nf4+ Ke4 58. Nd3 Rc2 59. Rh4+ 1-0

[Event "2012 Calgary International Reserves"]
[Site "Calgary"]
[Date "2012.05.20"]
[Round "3"]
[White "Kalaydina, Nicka"]
[Black "Milne, Arthur"]
[Result "1-0"]
[WhiteElo "2033"]
[BlackElo "1682"]
[PlyCount "35"]
[EventDate "2012.05.19"]
[EventType "swiss"]
[EventRounds "6"]
[EventCountry "CAN"]

1. e4 e6 2. d4 d5 3. Nd2 dxe4 4. Nxe4 Nd7 5. Nf3 Ngf6 6. Bd3 Nxe4 7. Bxe4 Nf6
8. Bd3 c5 9. O-O cxd4 10. Nxd4 Be7 11. Re1 O-O 12. c3 Qa5 13. Bf4 Nd5 14. Be5
Bf6 15. Bxh7+ Kxh7 16. Qh5+ Kg8 17. Bxf6 gxf6 18. Re4 1-0

[Event "2012 Calgary International Reserves"]
[Site "Calgary"]
[Date "2012.05.20"]
[Round "3"]
[White "Tot, Nandor"]
[Black "Wen, Jean-Francois"]
[Result "1/2-1/2"]
[WhiteElo "2084"]
[BlackElo "2099"]
[PlyCount "28"]
[EventDate "2012.05.19"]
[EventType "swiss"]
[EventRounds "6"]
[EventCountry "CAN"]

1. d4 d5 2. Nf3 Nf6 3. g3 c5 4. e3 e6 5. Bg2 Nbd7 6. O-O Be7 7. b3 b6 8. Bb2
Bb7 9. Nbd2 O-O 10. Rc1 Qb8 11. c4 a5 12. Re1 Rd8 13. Qc2 Qc7 14. Nb1 Rac8
1/2-1/2

[Event "2012 Calgary International Reserves"]
[Site "Calgary"]
[Date "2012.05.20"]
[Round "4"]
[White "Razzaq, Ali"]
[Black "Bentley, Bill"]
[Result "0-1"]
[WhiteElo "1914"]
[BlackElo "1868"]
[PlyCount "84"]
[EventDate "2012.05.19"]
[EventType "swiss"]
[EventRounds "6"]
[EventCountry "CAN"]

1. c4 c5 2. g3 g6 3. Bg2 Bg7 4. Nc3 Nc6 5. d3 d6 6. Nf3 e5 7. O-O Nge7 8. e4
O-O 9. a3 Be6 10. Rb1 a5 11. Bd2 f5 12. Ng5 Bd7 13. Nb5 h6 14. Nf3 Be6 15. b4
axb4 16. axb4 fxe4 17. Ne1 exd3 18. bxc5 dxc5 19. Qb3 Rb8 20. Nxd3 Bf5 21. Nxc5
Qxd2 22. Rb2 Qd8 23. Rd1 Nd4 24. Nxd4 exd4 25. Nxb7 Qc7 26. c5+ Kh7 27. Qc4 Nc6
28. Qb5 Bd7 29. Qb6 Rfc8 30. Be4 Qe5 31. f3 Ne7 32. Re1 Bf5 33. Rbe2 d3 34.
Bxd3 Qd4+ 35. Kg2 Nd5 36. Bxf5 Nxb6 37. Bxc8 Nxc8 38. c6 Nd6 39. Re7 Nxb7 40.
cxb7 Qb4 41. R1e4 Qd2+ 42. Kh3 Qd5 0-1

[Event "2012 Calgary International Reserves"]
[Site "Calgary"]
[Date "2012.05.20"]
[Round "4"]
[White "Zeggelaar, Mike"]
[Black "Tot, Nandor"]
[Result "0-1"]
[WhiteElo "1932"]
[BlackElo "2084"]
[PlyCount "26"]
[EventDate "2012.05.19"]
[EventType "swiss"]
[EventRounds "6"]
[EventCountry "CAN"]

1. e4 c5 2. Nf3 Nc6 3. d4 cxd4 4. Nxd4 Nf6 5. Nc3 e6 6. Be3 Bb4 7. Qd3 Ne5 8.
Qb5 Bxc3+ 9. bxc3 Qc7 10. Qb4 a6 11. Be2 Nxe4 12. O-O Qxc3 13. Qa4 Nc5 0-1

[Event "2012 Calgary International Reserves"]
[Site "Calgary"]
[Date "2012.05.21"]
[Round "5"]
[White "Usselman, Paul"]
[Black "Razzaq, Ali"]
[Result "1-0"]
[WhiteElo "1843"]
[BlackElo "1914"]
[PlyCount "119"]
[EventDate "2012.05.19"]
[EventType "swiss"]
[EventRounds "6"]
[EventCountry "CAN"]

1. Nf3 d5 2. c4 c6 3. e3 Nf6 4. b3 Bf5 5. Bb2 e6 6. Nc3 Bd6 7. d4 Nbd7 8. Be2
O-O 9. O-O Re8 10. Nh4 Bg6 11. Nxg6 hxg6 12. cxd5 exd5 13. a3 Nf8 14. b4 a6 15.
Rc1 Ne4 16. g3 Qg5 17. Nxe4 Rxe4 18. Bf3 Rh4 19. Bg2 Rh8 20. h4 Qh6 21. Qg4 Ne6
22. e4 dxe4 23. Qxe4 Re8 24. Rce1 Re7 25. Bc1 Qh7 26. d5 Nf4 27. Bxf4 Rxe4 28.
Rxe4 cxd5 29. Re8+ Bf8 30. Bd6 Qh5 31. Rxf8+ Kh7 32. Rxh8+ Kxh8 33. Re1 b6 34.
Re5 Qd1+ 35. Kh2 d4 36. Rd5 d3 37. Bf4 Qb3 38. b5 axb5 39. Be4 Qc4 40. Rd8+ Kh7
41. Bxd3 Qa2 42. Kg2 Qxa3 43. h5 f5 44. hxg6+ Kxg6 45. Rd6+ Kf7 46. Bxb5 Qc5
47. Be2 g5 48. Rd7+ Ke6 49. Rc7 Qd5+ 50. Bf3 Qd8 51. Rc6+ Kf7 52. Bc7 Qd2 53.
Bxb6 g4 54. Rc7+ Kf6 55. Bb7 Qb4 56. Be3 Ke5 57. Bf4+ Kd4 58. Rd7+ Kc4 59. Bd5+
Kd3 60. Bb3+ 1-0

[Event "2012 Calgary International Reserves"]
[Site "Calgary"]
[Date "2012.05.21"]
[Round "5"]
[White "Wen, Jean-Francois"]
[Black "Booker, Brad"]
[Result "0-1"]
[WhiteElo "2099"]
[BlackElo "2147"]
[PlyCount "92"]
[EventDate "2012.05.19"]
[EventType "swiss"]
[EventRounds "6"]
[EventCountry "CAN"]

1. e4 c6 2. d4 d5 3. e5 Bf5 4. h4 h5 5. c4 e6 6. Nc3 Ne7 7. Nge2 Na6 8. Ng3 Bg6
9. Bg5 Qd7 10. Rc1 Nc7 11. c5 Nf5 12. Nxf5 exf5 13. Be3 Be7 14. f4 f6 15. Be2
Bf7 16. Bf2 Ne6 17. g3 fxe5 18. fxe5 f4 19. g4 hxg4 20. Bxg4 Qd8 21. Qd3 Rh6
22. Kd2 Kd7 23. Qf3 Kc7 24. Bxe6 Bxe6 25. Qxf4 Qh8 26. Qg3 g5 27. Ne2 Rf8 28.
Be3 gxh4 29. Qh2 Rf3 30. Rcf1 Rh3 31. Qf2 Rxh1 32. Rxh1 Rh7 33. Nf4 Qg8 34. Rg1
Qf7 35. Ng6 Qxf2+ 36. Bxf2 Kd7 37. Nxe7 Kxe7 38. Be3 h3 39. Rh1 Bf5 40. Bg5+
Ke6 41. Rh2 Be4 42. Ke3 Bg2 43. Kf4 b6 44. b4 bxc5 45. bxc5 Rb7 46. Kg4 Rb4 0-1

[Event "2012 Calgary International Reserves"]
[Site "Calgary"]
[Date "2012.05.21"]
[Round "5"]
[White "Yearwood, Roy"]
[Black "Tot, Nandor"]
[Result "1-0"]
[WhiteElo "2102"]
[BlackElo "2084"]
[PlyCount "45"]
[EventDate "2012.05.19"]
[EventType "swiss"]
[EventRounds "6"]
[EventCountry "CAN"]

1. e4 c5 2. Nf3 Nc6 3. Bb5 Qc7 4. O-O a6 5. Bxc6 Qxc6 6. Re1 d6 7. h3 e5 8. d3
h6 9. c3 g5 10. d4 g4 11. hxg4 Bxg4 12. dxe5 O-O-O 13. Nbd2 h5 14. Qb3 Be6 15.
Qc2 h4 16. Nf1 Bh6 17. exd6 Qxd6 18. Bg5 Bxg5 19. Nxg5 Qe5 20. Nxe6 fxe6 21.
Rad1 Rxd1 22. Qxd1 Nf6 23. Qf3 1-0

[Event "2012 Calgary International Reserves"]
[Site "Calgary"]
[Date "2012.05.21"]
[Round "6"]
[White "Kalaydina, Nicka"]
[Black "Zeggelaar, Mike"]
[Result "1-0"]
[WhiteElo "2033"]
[BlackElo "1932"]
[PlyCount "57"]
[EventDate "2012.05.19"]
[EventType "swiss"]
[EventRounds "6"]
[EventCountry "CAN"]

1. d4 Nf6 2. c4 c5 3. d5 b5 4. cxb5 a6 5. b6 Qxb6 6. Nc3 d6 7. Nf3 g6 8. e4 Bg7
9. Nd2 O-O 10. Be2 Nbd7 11. O-O Rb8 12. Qe1 e6 13. Nc4 Qc7 14. dxe6 fxe6 15.
Bf4 Ne8 16. Bg3 Nb6 17. Ne3 Bb7 18. Bd3 Nc8 19. Rd1 Ne7 20. f4 Nc6 21. f5 Ne5
22. Be2 Ba8 23. b3 Rb4 24. fxe6 Rxf1+ 25. Bxf1 Qa7 26. Nc4 Nxc4 27. Bxc4 Bd4+
28. Bf2 Qg7 29. Nd5 1-0

[Event "7th Edmonton International"]
[Site "Edmonton"]
[Date "2012.06.28"]
[Round "3"]
[White "Pechenkin, Vladimir"]
[Black "Mikhalevski, Victor"]
[Result "0-1"]
[WhiteElo "2312"]
[BlackElo "2519"]
[PlyCount "66"]
[EventDate "2012.06.27"]
[EventType "tourn"]
[EventRounds "9"]
[EventCountry "CAN"]
[EventCategory "6"]
[TimeControl "5400"]

1. e4 c5 2. c4 Nc6 3. Nc3 d6 4. d3 g6 5. g3 h5 6. h4 a6 7. Bg2 Rb8 8. Nge2 Bg7
9. a4 Nh6 10. O-O Ng4 11. Rb1 O-O 12. b3 e6 13. f3 Nge5 14. Kh1 Nb4 15. d4 Nec6
16. Be3 cxd4 17. Nxd4 Qc7 18. Rc1 Rd8 19. Nd5 exd5 20. cxd5 Qd7 21. dxc6 bxc6
22. Bg5 Re8 23. Qd2 a5 24. Rfd1 Ba6 25. Kh2 d5 26. Rc5 dxe4 27. fxe4 Nd3 28.
Rxa5 Qxd4 29. Rxa6 Rxb3 30. Be3 Qc4 31. Ra7 Ne5 32. Rc1 Qe6 33. Kh1 Nc4 0-1

[Event "7th Edmonton International"]
[Site "Edmonton"]
[Date "2012.06.28"]
[Round "3"]
[White "Piasetski, Leon"]
[Black "Krush, Irina"]
[Result "1/2-1/2"]
[WhiteElo "2304"]
[BlackElo "2457"]
[PlyCount "71"]
[EventDate "2012.06.27"]
[EventType "tourn"]
[EventRounds "9"]
[EventCountry "CAN"]
[EventCategory "6"]
[TimeControl "5400"]

1. c4 e5 2. g3 Nc6 3. Bg2 g6 4. Nc3 Bg7 5. e3 d6 6. Nge2 f5 7. d3 Nf6 8. f4 O-O
9. O-O Be6 10. Nd5 Bf7 11. Nec3 Qd7 12. Qa4 a6 13. Bd2 Rfd8 14. Rab1 Rab8 15.
Nxf6+ Bxf6 16. Nd5 Bg7 17. b4 Ne7 18. Qxd7 Rxd7 19. Nxe7+ Rxe7 20. b5 axb5 21.
Rxb5 e4 22. Rfb1 b6 23. Ra5 exd3 24. Ra4 Rd8 25. Bd5 Kf8 26. Ra3 Bxd5 27. cxd5
Ke8 28. Rxd3 Ra8 29. a3 Kd7 30. Bb4 Re4 31. Rc1 b5 32. Rb3 Rc4 33. Bd2 Rxc1+
34. Bxc1 c6 35. dxc6+ Kxc6 36. Bd2 1/2-1/2

[Event "7th Edmonton International"]
[Site "Edmonton"]
[Date "2012.06.28"]
[Round "3"]
[White "Wang, Richard"]
[Black "Kovalyov, Anton"]
[Result "0-1"]
[WhiteElo "2307"]
[BlackElo "2619"]
[PlyCount "68"]
[EventDate "2012.06.27"]
[EventType "tourn"]
[EventRounds "9"]
[EventCountry "CAN"]
[EventCategory "6"]
[TimeControl "5400"]

1. d4 Nf6 2. Nf3 e6 3. c4 b6 4. g3 c6 5. Bg2 d5 6. Nbd2 Be7 7. O-O O-O 8. Qc2
Bb7 9. e4 Na6 10. e5 Nd7 11. a3 Nc7 12. Re1 a5 13. h4 h6 14. Nf1 c5 15. dxc5
Nxc5 16. Rd1 Qe8 17. Ne3 dxc4 18. Nxc4 Nd5 19. Nd4 b5 20. Bxd5 Bxd5 21. Nxa5
Rxa5 22. b4 Ra4 23. bxc5 Rc4 24. Qb2 Bxc5 25. Nxb5 Qc6 26. Kh2 Bf3 27. Re1 Bb6
28. Ra2 Ba5 29. Rg1 Rb8 30. a4 Bc3 31. Qa3 Bxe5 32. Bf4 Bxf4 33. gxf4 Rxf4 34.
Qe7 Qc4 0-1

[Event "7th Edmonton International"]
[Site "Edmonton"]
[Date "2012.06.29"]
[Round "4"]
[White "Kovalyov, Anton"]
[Black "Piasetski, Leon"]
[Result "1-0"]
[WhiteElo "2619"]
[BlackElo "2304"]
[PlyCount "105"]
[EventDate "2012.06.27"]
[EventType "tourn"]
[EventRounds "9"]
[EventCountry "CAN"]
[EventCategory "6"]
[TimeControl "5400"]

1. Nf3 Nf6 2. c4 e6 3. g3 d5 4. Bg2 Be7 5. O-O O-O 6. d4 dxc4 7. Qc2 a6 8. a4
Bd7 9. Rd1 Bc6 10. Nc3 Nd5 11. e4 Nb4 12. Qe2 Nd3 13. Be3 Bb4 14. Ne5 Nxe5 15.
dxe5 Nd7 16. Qxc4 a5 17. f4 Qe7 18. Nd5 exd5 19. exd5 Nb6 20. Bxb6 cxb6 21.
dxc6 Rac8 22. Kh1 bxc6 23. Bxc6 Rfd8 24. Qe4 Rxd1+ 25. Rxd1 g6 26. Bd5 Re8 27.
Qd3 Kg7 28. Bb3 f6 29. e6 Qc5 30. Kg2 Re7 31. Bd5 Rc7 32. b3 Qc2+ 33. Kh3 Qxd3
34. Rxd3 f5 35. Bc4 Kf6 36. Rd8 Be7 37. Rb8 Bc5 38. Kg2 h6 39. Kf3 g5 40. h3
Rh7 41. Rg8 Bd6 42. h4 gxh4 43. gxh4 Rg7 44. Rd8 Be7 45. Rh8 Kg6 46. Bb5 Kf6
47. Bd7 Bd6 48. Rxh6+ Ke7 49. Rh5 Rg4 50. Rxf5 Rxh4 51. Rf7+ Kd8 52. Bb5 Be7
53. f5 1-0

[Event "7th Edmonton International"]
[Site "Edmonton"]
[Date "2012.06.29"]
[Round "4"]
[White "Krush, Irina"]
[Black "Gardner, Robert"]
[Result "1/2-1/2"]
[WhiteElo "2457"]
[BlackElo "2202"]
[PlyCount "85"]
[EventDate "2012.06.27"]
[EventType "tourn"]
[EventRounds "9"]
[EventCountry "CAN"]
[EventCategory "6"]
[TimeControl "5400"]

1. c4 e6 2. Nc3 Bb4 3. Qc2 Nc6 4. Nf3 Nf6 5. a3 Bxc3 6. Qxc3 O-O 7. b4 Ne4 8.
Qc2 f5 9. g3 d6 10. Bg2 e5 11. O-O h6 12. Bb2 Ng5 13. b5 Ne7 14. d4 Nxf3+ 15.
exf3 exd4 16. f4 c5 17. bxc6 Nxc6 18. Rad1 Be6 19. Rfe1 Bf7 20. Qxf5 Bxc4 21.
Qc2 d5 22. Bxd4 Nxd4 23. Rxd4 Qa5 24. Re5 Qxa3 25. Bxd5+ Bxd5 26. Rexd5 Rac8
27. Qg6 Qf3 28. Rd1 Rc6 29. Qb1 h5 30. R1d3 Qg4 31. Qxb7 Rc1+ 32. Kg2 Qe2 33.
Qb3 Qf1+ 34. Kf3 Qh1+ 35. Ke3 Qe1+ 36. Kf3 Qh1+ 37. Ke3 Qe1+ 38. Kd4 Qxf2+ 39.
Re3 Qd2+ 40. Ke4 Qg2+ 41. Kd4 Qd2+ 42. Ke4 Qg2+ 43. Kd4 1/2-1/2

[Event "7th Edmonton International"]
[Site "Edmonton"]
[Date "2012.06.29"]
[Round "4"]
[White "Mikhalevski, Victor"]
[Black "Wang, Richard"]
[Result "1-0"]
[WhiteElo "2519"]
[BlackElo "2307"]
[PlyCount "121"]
[EventDate "2012.06.27"]
[EventType "tourn"]
[EventRounds "9"]
[EventCountry "CAN"]
[EventCategory "6"]
[TimeControl "5400"]

1. c4 c5 2. g3 Nc6 3. Bg2 g6 4. Nc3 Bg7 5. Nf3 d6 6. O-O Qd7 7. e3 Bxc3 8. bxc3
b6 9. d3 Bb7 10. e4 e6 11. Nh4 O-O-O 12. Qc2 f5 13. Bg5 Re8 14. d4 cxd4 15.
exf5 gxf5 16. Rad1 h6 17. Bc1 Na5 18. cxd4 Bxg2 19. Kxg2 Ne7 20. Rfe1 Qc6+ 21.
Kg1 Kd7 22. Rxe6 Qxc4 23. Qxc4 Nxc4 24. Rxh6 Rhf8 25. Rh7 Kc6 26. Bh6 Rg8 27.
d5+ Kc5 28. Rf7 Nxd5 29. Nxf5 a5 30. Bg7 a4 31. h4 b5 32. Bd4+ Kc6 33. Ba7 Nc3
34. Rd3 Ne2+ 35. Kf1 Rgf8 36. Ne7+ Kd7 37. Rxf8 Rxf8 38. Ng6 Re8 39. a3 b4 40.
axb4 a3 41. Rd1 a2 42. Ra1 Nd2+ 43. Kg2 Nc3 44. Bd4 Nb3 45. Bxc3 Nxa1 46. Bxa1
Re1 47. Bb2 Rb1 48. Bc3 Rc1 49. Bb2 Rb1 50. Bh8 a1=Q 51. Bxa1 Rxa1 52. h5 Ra7
53. h6 Ke8 54. g4 Rh7 55. g5 Kf7 56. Nf4 Kg8 57. Nd5 Kf7 58. Kf3 Kg6 59. Kg4
Rf7 60. f4 Rf8 61. f5+ 1-0

[Event "7th Edmonton International"]
[Site "Edmonton"]
[Date "2012.06.30"]
[Round "5"]
[White "Gardner, Robert"]
[Black "Kovalyov, Anton"]
[Result "1-0"]
[WhiteElo "2202"]
[BlackElo "2619"]
[PlyCount "97"]
[EventDate "2012.06.27"]
[EventType "tourn"]
[EventRounds "9"]
[EventCountry "CAN"]
[EventCategory "6"]
[TimeControl "5400"]

1. d4 Nf6 2. c4 e6 3. Nc3 Bb4 4. e3 b6 5. Nge2 c5 6. a3 Ba5 7. Rb1 Na6 8. Bd2
O-O 9. d5 d6 10. Nf4 e5 11. Nh5 Bf5 12. Nxf6+ Qxf6 13. Rc1 Qg6 14. h4 h5 15.
Be2 Qxg2 16. Bf3 Qg6 17. Bxh5 Qh7 18. Be2 Bd7 19. f3 f5 20. Kf2 Nc7 21. Qg1 b5
22. b4 cxb4 23. Nxb5 Bxb5 24. cxb5 Bb6 25. Rc6 Rf6 26. Qc1 g6 27. Bxb4 f4 28.
Kg2 Qd7 29. exf4 Re8 30. Qc2 Kh7 31. h5 Kg7 32. hxg6 Rxg6+ 33. Qxg6+ Kxg6 34.
Rxd6+ Qxd6 35. Bxd6 Nxd5 36. Bd3+ Kg7 37. Bxe5+ Rxe5 38. fxe5 Nf4+ 39. Kg3 Nxd3
40. f4 Kf7 41. Rd1 Nf2 42. Rd7+ Ke8 43. Rb7 Ne4+ 44. Kg4 Nc3 45. f5 Nxb5 46. f6
Nd4 47. e6 Nc6 48. Rh7 Bc5 49. Rc7 1-0

[Event "7th Edmonton International"]
[Site "Edmonton"]
[Date "2012.06.30"]
[Round "6"]
[White "Mikhalevski, Victor"]
[Black "Gardner, Robert"]
[Result "1-0"]
[WhiteElo "2519"]
[BlackElo "2202"]
[PlyCount "37"]
[EventDate "2012.06.27"]
[EventType "tourn"]
[EventRounds "9"]
[EventCountry "CAN"]
[EventCategory "6"]
[TimeControl "5400"]

1. c4 e6 2. d4 Nf6 3. g3 d5 4. Nf3 dxc4 5. Bg2 Bb4+ 6. Bd2 a5 7. O-O b5 8. a4
c6 9. axb5 Bxd2 10. Qxd2 cxb5 11. Qg5 b4 12. Ne5 Ra7 13. Qxg7 Rg8 14. Qh6 Qxd4
15. Qxf6 Qxb2 16. Rd1 Re7 17. Nc6 Rd7 18. Qe7+ Rxe7 19. Rd8# 1-0

[Event "7th Edmonton International"]
[Site "Edmonton"]
[Date "2012.07.01"]
[Round "7"]
[White "Gardner, Robert"]
[Black "Porper, Edward"]
[Result "1/2-1/2"]
[WhiteElo "2202"]
[BlackElo "2414"]
[PlyCount "76"]
[EventDate "2012.06.27"]
[EventType "tourn"]
[EventRounds "9"]
[EventCountry "CAN"]
[EventCategory "6"]
[TimeControl "5400"]

1. d4 d5 2. c4 c6 3. Nf3 Nf6 4. Nc3 a6 5. c5 Bf5 6. Bf4 Nbd7 7. h3 Ne4 8. e3 e6
9. Bd3 b6 10. cxb6 Nxc3 11. bxc3 Nxb6 12. O-O Bxd3 13. Qxd3 Bd6 14. Bxd6 Qxd6
15. e4 O-O 16. e5 Qe7 17. Rab1 Rfb8 18. Rb3 h6 19. Rfb1 Qc7 20. g4 Nd7 21. g5
hxg5 22. Nxg5 Nf8 23. Qe2 a5 24. Qb2 Rxb3 25. Qxb3 Qe7 26. Nf3 Nd7 27. Qa4 Qd8
28. Qa3 Rb8 29. Rxb8 Nxb8 30. Qc5 Qc7 31. Nd2 Nd7 32. Qe7 Qc8 33. Nf3 Nb6 34.
Qa7 Nc4 35. Ng5 Qe8 36. f4 a4 37. Kf2 a3 38. Ke2 Kf8 1/2-1/2

[Event "7th Edmonton International"]
[Site "Edmonton"]
[Date "2012.07.01"]
[Round "7"]
[White "Krush, Irina"]
[Black "Kovalyov, Anton"]
[Result "1/2-1/2"]
[WhiteElo "2457"]
[BlackElo "2619"]
[Annotator " "]
[PlyCount "142"]
[EventDate "2012.06.27"]
[EventType "tourn"]
[EventRounds "9"]
[EventCountry "CAN"]
[EventCategory "6"]
[TimeControl "5400"]

1. d4 Nf6 2. c4 e6 3. Nc3 Bb4 4. Qc2 c5 5. dxc5 Qc7 6. a3 Bxc5 7. b4 Be7 8. Nb5
Qc6 9. Nf3 d6 10. e4 Nbd7 11. Bf4 O-O 12. Bd3 e5 13. Be3 a6 14. Nc3 Nb6 15. Rc1
Be6 16. Nd5 Bxd5 17. exd5 Qc7 18. O-O g6 19. Ng5 Rac8 20. f3 Qd8 21. Qd2 Nbd7
22. Ne4 b6 23. Rfd1 Re8 24. c5 Nxe4 25. fxe4 bxc5 26. Bxa6 Rb8 27. Bd3 cxb4 28.
axb4 Nf6 29. h3 Rb7 30. Rc6 Qb8 31. b5 Bd8 32. Kh2 Bb6 33. Bg5 Nd7 34. Rf1 Bd8
35. Be3 Bb6 36. Bh6 Bd8 37. Be2 Nc5 38. Qe3 Be7 39. Qf3 Bf8 40. Bd2 Qd8 41. Bb4
Na4 42. Ra1 Nc5 43. Rf1 Na4 44. Bc4 Qd7 45. Ra1 Nb6 46. Bd3 Reb8 47. Qf2 Nc8
48. Rac1 Qd8 49. Qe1 Nb6 50. Ba5 Qf6 51. Bd2 Nd7 52. Be3 Qd8 53. Qf2 Be7 54.
Rf1 Qf8 55. b6 Bd8 56. Ba6 Rxb6 57. Bxb6 Bxb6 58. Qf3 Kg7 59. Rb1 Bc5 60. Rf1
Qe7 61. Rc7 Bb6 62. Qxf7+ Qxf7 63. Rxf7+ Kxf7 64. Rxd7+ Kf6 65. Rxd6+ Kg5 66.
Rd7 h5 67. g3 h4 68. Re7 Bd4 69. Bb7 Bc5 70. Rh7 Rf8 71. Rxh4 Rf2+ 1/2-1/2

[Event "7th Edmonton International"]
[Site "Edmonton"]
[Date "2012.07.01"]
[Round "8"]
[White "Pechenkin, Vladimir"]
[Black "Gardner, Robert"]
[Result "1/2-1/2"]
[WhiteElo "2312"]
[BlackElo "2202"]
[Annotator " "]
[PlyCount "38"]
[EventDate "2012.06.27"]
[EventType "tourn"]
[EventRounds "9"]
[EventCountry "CAN"]
[EventCategory "6"]
[TimeControl "5400"]

1. c4 e6 2. g3 d5 3. Bg2 c6 4. Nf3 dxc4 5. Na3 Nf6 6. Nxc4 Be7 7. O-O O-O 8. d4
c5 9. b3 Nc6 10. Bb2 Qc7 11. dxc5 Bxc5 12. Bxf6 gxf6 13. Rc1 Rd8 14. Qc2 Bf8
15. Qb2 Qe7 16. Ne1 Bd7 17. Nd3 Bh6 18. e3 Bg7 19. Qe2 Rac8 1/2-1/2

[Event "7th Edmonton International"]
[Site "Edmonton"]
[Date "2012.07.01"]
[Round "8"]
[White "Porper, Edward"]
[Black "Haessel, Dale"]
[Result "1-0"]
[WhiteElo "2414"]
[BlackElo "2161"]
[Annotator " "]
[PlyCount "65"]
[EventDate "2012.06.27"]
[EventType "tourn"]
[EventRounds "9"]
[EventCountry "CAN"]
[EventCategory "6"]
[TimeControl "5400"]

1. d4 d5 2. c4 c6 3. Nc3 Nf6 4. e3 e6 5. Bd2 dxc4 6. Bxc4 c5 7. Nf3 a6 8. a4
Nc6 9. O-O cxd4 10. exd4 Be7 11. Bg5 O-O 12. Re1 b6 13. Qd3 Bb7 14. Rad1 Qc7
15. Ne5 Rad8 16. Nxc6 Qxc6 17. Qf1 h6 18. Bh4 Qc8 19. Re3 Qa8 20. Ba2 Rfe8 21.
Bg3 Bd6 22. Bh4 Be7 23. Bb1 Nd5 24. Nxd5 Bxd5 25. Bxe7 Rxe7 26. Qd3 f5 27. f3
Rc7 28. Qe2 Qc6 29. Rc3 Qb7 30. Bd3 a5 31. Rdc1 Re7 32. Qe5 Qb8 33. Rc7 1-0